000 00645nam a2200205Ia 4500
005 20251212145515.0
008 131103s9999 xx 000 0 und d
020 _a0-521-04632-7
040 _aLoreto College
041 _aEnglish
082 _a821.1
_bCHA
100 _aChaucer,Geoffrey
245 4 _aThe clerk's prologue & tale
_cGeoffrey Chaucer;edited with introduction,notes and glossary by James Winny
_bFrom the Canterbury Tales by Geoffrey Chaucer
260 _aCambridge
_bCambridge University Press
_c1992
300 _a113p
650 _aEnglish Literature
700 _aWinny,James
_4ed.
850 _aLCBED
_bPG
942 _cBK
999 _c18652
_d69131